000
00292nam a22001217a 4500
020
_a
978 93 5012 074 3
082
_a
028.702 GUP/CS
100
_a
Gupta R
245
_a
CSAT Civil services aptitude test
260
_a
New Delhi
_b
Ramesh Publishing House
_c
2012
300
_a
7.084
942
_c
BK
999
_c
13849
_d
13849